International law in a multipolar world / (Record no. 15986)

000 -LEADER
fixed length control field 02385nam a2200301 a 4500
001 - CONTROL NUMBER
control field ASIN0415565219
005 - DATE AND TIME OF LATEST TRANSACTION
control field 20170105102929.0
008 - FIXED-LENGTH DATA ELEMENTS--GENERAL INFORMATION
fixed length control field 140114s2011 xxu eng d
020 ## - INTERNATIONAL STANDARD BOOK NUMBER
International Standard Book Number 0415565219 (hardcover)
Terms of availability $150.00
020 ## - INTERNATIONAL STANDARD BOOK NUMBER
International Standard Book Number 9780415565219 (hardcover)
040 ## - CATALOGING SOURCE
Original cataloging agency 0
050 04 - LIBRARY OF CONGRESS CALL NUMBER
Classification number KZ1240
082 04 - DEWEY DECIMAL CLASSIFICATION NUMBER
Classification number 341
Author Mark INT 2012
245 00 - TITLE STATEMENT
Title International law in a multipolar world /
Statement of responsibility, etc. Matthew Happold.
250 ## - EDITION STATEMENT
Edition statement 0th ed.
260 ## - PUBLICATION, DISTRIBUTION, ETC.
Place of publication, distribution, etc. [S.l.] :
Name of publisher, distributor, etc. Routledge,
Date of publication, distribution, etc. 2011.
300 ## - PHYSICAL DESCRIPTION
Extent 352 p. ;
Dimensions 24 cm.
490 1# - SERIES STATEMENT
Series statement Routledge research in international law.
520 ## - SUMMARY, ETC.
Summary, etc. Since the creation of the United Nations in 1945, international law has sought to configure itself as a universal system. Yet, despite the best efforts of international institutions, scholars and others to assert the universal application of international law, its relevance and applicability has been influenced, if not directed, by political power.Today, the "decline of the West" and ascent of China and India poseparticular challenges for international law and institutions. The international system appears to be moving towards multipolarity, with various sites of power competing to exert influence in the world today. With contributors from a variety of countries providing perspectives from the disciplines of international law and international relations theory, International Law in a Multipolar World addresses the implications that multipolarity poses for the international legal system. Contributors including Jean d'Aspremont, J�rg Kammerhofer, Alexander Orakhelashvili, Christian Pippan and Nigel White, explore issues such as the use of force, governance and democracy, regionalism and the relevance of the United Nations in a multipolar world, while considering the overarching theme of the relationship between power and law. International Law in a Multipolar World is of particular interest to academics and students of public international law, international relations theory and international politics.
650 #0 - SUBJECT ADDED ENTRY--TOPICAL TERM
Topical term or geographic name entry element Conflict of laws
650 #0 - SUBJECT ADDED ENTRY--TOPICAL TERM
Topical term or geographic name entry element International law
650 #0 - SUBJECT ADDED ENTRY--TOPICAL TERM
Topical term or geographic name entry element International law--Interpretation and construction
650 #0 - SUBJECT ADDED ENTRY--TOPICAL TERM
Topical term or geographic name entry element International organization
700 1# - ADDED ENTRY--PERSONAL NAME
Personal name Happold, Matthew.
830 #0 - SERIES ADDED ENTRY--UNIFORM TITLE
Uniform title Routledge research in international law.
856 40 - ELECTRONIC LOCATION AND ACCESS
Materials specified Amazon.com
Uniform Resource Identifier <a href="http://www.amazon.com/exec/obidos/ASIN/0415565219/chopaconline-20">http://www.amazon.com/exec/obidos/ASIN/0415565219/chopaconline-20</a>
942 ## - ADDED ENTRY ELEMENTS (KOHA)
Source of classification or shelving scheme
Koha item type Book
Holdings
Withdrawn status Lost status Damaged status Not for loan Collection code Permanent Location Current Location Shelving location Date acquired Total Checkouts Full call number Barcode Date last seen Price effective from Koha item type
          Centre for International Peace & Stability (CIPS) Centre for International Peace & Stability (CIPS) General Stacks 11/21/2013   341 INT 2012 CIPS0002476 01/15/2014 01/05/2017 Book
© 2023 Central Library, National University of Sciences and Technology. All Rights Reserved.